00458nam a22001577a 4500003000400000082001800004100002100022245003700043260004400080300000800124650001700132653001700149942001200166952010500178999001700283SGT a617.643bE21S aChaudhary, Seema aExtraction and non-extraction... aGurugram, HaryanabSGT Universityc2021 a120 aOrthodontics aOrthodontics 2ddccTH 00102ddc405171aFDbFDd2022-12-23l0o617.643 E21SpDT1424r2022-12-23 00:00:00w2022-12-23yTH c23645d23645